000 00648nam a2200217Ii 4500
003 JO-AjNU
008 230605s9999||||xx |||||||||||||| ||und||
017 _a2008/25617
020 _a977-17-5888-6
040 _aJO-AjNU
_bara
_erda
_cJO-AjNU
041 _aara
050 1 4 _aK564.2009
100 3 _a إبراهيم ، خالد ممدوح ,
_eauthor
_931984
245 0 0 _aالجرائم المعلوماتية
250 _aط1
264 3 1 _aالاسكندرية : دار الفكر الجامعي ، 2009
300 _a480ص
336 _atext
_btxt
_2rdacontent
337 _aunmediated
_bn
_2rdamedia
338 _avolume
_bnc
_2rdacarrier
999 _aA12857
_c16425
_d16425